[Event "4NCL Individual Rapid 10m+10s"]
[Site "Daventry"]
[Date "2013.10.06"]
[Round "5.6"]
[White "Harvey, Marcus R"]
[Black "Emerson, Roger"]
[Result "1-0"]
[WhiteElo "2232"]
[BlackElo "2214"]
[PlyCount "98"]
[EventDate "2013.10.06"]
[EventType "swiss (rapid)"]
[EventRounds "7"]
[EventCountry "ENG"]
[TimeControl "900+90"]
[WhiteClock "0:08:18"]
[BlackClock "0:03:41"]

1. g3 c5 2. Bg2 Nc6 3. Nf3 g6 4. O-O Bg7 5. c4 e5 6. Nc3 Nge7 7. d3 O-O 8. a3
d6 9. Rb1 Bg4 10. b4 b6 11. Ne1 Rc8 12. h3 Be6 13. Nc2 Qd7 14. Kh2 f5 15. Ne3
f4 16. Ned5 f3 17. Bxf3 Bxh3 18. b5 Bxf1 19. bxc6 Nxc6 20. Qxf1 Rf7 21. Be4
Rcf8 22. f3 Nd4 23. Qh3 Qe8 24. Ne3 Rf5 25. Nxf5 gxf5 26. Bd5+ Kh8 27. Bd2 Rf6
28. Kg2 f4 29. Rh1 Rh6 30. Qxh6 Bxh6 31. Rxh6 Kg7 32. Rh4 h5 33. gxf4 Qg6+ 34.
Kf2 Nf5 35. Rh3 exf4 36. Bxf4 Qf6 37. Rxh5 Qd4+ 38. e3 Qxc3 39. Rxf5 Qxd3 40.
Be4 Qd2+ 41. Kg3 Qe1+ 42. Kg4 Qg1+ 43. Bg3 b5 44. cxb5 c4 45. Rg5+ Kf6 46. Rg6+
Ke7 47. Kf5 Qxe3 48. Bxd6+ Kd8 49. Ke6 Ke8 1-0

[Event "4NCL Individual Rapid 10m+10s"]
[Site "Daventry"]
[Date "2013.10.06"]
[Round "5.7"]
[White "Josse, Mark"]
[Black "Pitcher, John"]
[Result "1-0"]
[WhiteElo "2173"]
[BlackElo "2246"]
[PlyCount "135"]
[EventDate "2013.10.06"]
[EventType "swiss (rapid)"]
[EventRounds "7"]
[EventCountry "ENG"]
[TimeControl "900+105"]
[WhiteClock "0:00:33"]
[BlackClock "0:00:57"]

1. d4 d5 2. c4 c6 3. Nf3 Nf6 4. e3 a6 5. Nbd2 Bf5 6. Qb3 Qc7 7. Ne5 e6 8. Be2
Bd6 9. O-O O-O 10. Ndf3 c5 11. cxd5 exd5 12. Bd2 Nc6 13. Nxc6 bxc6 14. dxc5
Bxc5 15. Rfc1 Ne4 16. Qa4 a5 17. Bc3 Bd6 18. h3 c5 19. Qd1 Rad8 20. Qe1 Nxc3
21. Qxc3 a4 22. Bb5 Ra8 23. Rd1 Rfd8 24. Rac1 Be4 25. Nd2 Bg6 26. Nf3 Bh5 27.
Be2 Qb7 28. Rd2 Be7 29. Rcd1 Rac8 30. Qe5 Bg6 31. Rxd5 Rxd5 32. Rxd5 Bf6 33.
Qd6 h6 34. Rxc5 Rd8 35. Qc7 Qxb2 36. Nd4 Rxd4 37. exd4 Qxe2 38. Rc4 Qe1+ 39.
Kh2 Qxf2 40. Rxa4 Bg5 41. d5 Kh7 42. Qg3 Qc2 43. Qg4 Bf5 44. Qd4 Bf6 45. Qf4
Bg6 46. d6 Qc6 47. Rc4 Qd5 48. Qc1 Be5+ 49. Kh1 Bxd6 50. a4 Qe5 51. Kg1 Be4 52.
Qd2 Bc5+ 53. Kf1 Bb7 54. Qc2+ g6 55. Rxc5 Qf4+ 56. Kg1 Qe3+ 57. Qf2 Qe7 58. a5
h5 59. Rb5 Bc6 60. Rb6 Bd5 61. a6 Qe4 62. a7 h4 63. Rb8 f5 64. Rd8 Bc6 65. Rc8
Bd5 66. Rc7+ Kh6 67. Qd2+ g5 68. Rd7 1-0

[Event "4NCL Individual Rapid 10m+10s"]
[Site "Daventry"]
[Date "2013.10.06"]
[Round "6.1"]
[White "Pritchett, Craig W"]
[Black "Bourne, Iain"]
[Result "1-0"]
[WhiteElo "2359"]
[BlackElo "1918"]
[PlyCount "84"]
[EventDate "2013.10.06"]
[EventType "swiss (rapid)"]
[EventRounds "7"]
[EventCountry "ENG"]

1. Nf3 c5 2. c4 g6 3. d4 cxd4 4. Nxd4 Bg7 5. e4 Nc6 6. Be3 Nf6 7. Nc3 d6 8. Be2
O-O 9. O-O Nxd4 10. Bxd4 Be6 11. Rc1 a5 12. Qd2 Nd7 13. Bxg7 Kxg7 14. Qd4+ Kg8
15. Rfd1 Qb6 16. Nb5 Rfc8 17. b3 Qc5 18. a3 b6 19. Qb2 Qe5 20. Qxe5 Nxe5 21. f4
Nd7 22. Bf3 Rab8 23. Nd4 Nc5 24. b4 axb4 25. axb4 Na6 26. b5 Nc5 27. Nc6 Rb7
28. g4 Kf8 29. f5 Bd7 30. f6 Bxc6 31. bxc6 Rbc7 32. g5 exf6 33. gxf6 Rxc6 34.
e5 R6c7 35. Rxd6 Ne6 36. Rxb6 Nd4 37. Bg4 Rd8 38. Kf2 Nc6 39. Re1 Re8 40. e6
fxe6 41. Rxe6 Rxe6 42. Bxe6 Nb8 1-0

[Event "4NCL Individual Rapid 10m+10s"]
[Site "Daventry"]
[Date "2013.10.06"]
[Round "6.2"]
[White "Hall, John"]
[Black "Healey, Michael W"]
[Result "1-0"]
[WhiteElo "2269"]
[BlackElo "2091"]
[PlyCount "97"]
[EventDate "2013.10.06"]
[EventType "swiss (rapid)"]
[EventRounds "7"]
[EventCountry "ENG"]
[TimeControl "900+415"]
[WhiteClock "0:02:31"]
[BlackClock "0:00:21"]

1. e4 e5 2. Nf3 Nc6 3. Bb5 a6 4. Ba4 Nf6 5. O-O Be7 6. Re1 b5 7. Bb3 O-O 8. c3
d6 9. h3 Na5 10. Bc2 c5 11. d4 Qc7 12. Nbd2 Nc6 13. d5 Nb8 14. a4 Ra7 15. Qe2
Rb7 16. axb5 axb5 17. b4 Nbd7 18. Nb3 Nxe4 19. Bxe4 f5 20. Bb1 e4 21. Na5 Rb6
22. Ng5 Ne5 23. Qh5 h6 24. Ne6 Bxe6 25. dxe6 cxb4 26. Re3 bxc3 27. Bc2 Ra6 28.
Nb3 Rxa1 29. Nxa1 Bg5 30. Nb3 g6 31. Qe2 Nc4 32. Rg3 f4 33. Rxc3 d5 34. Nd4 f3
35. gxf3 Bxc1 36. fxe4 Qe5 37. Nxb5 Nd2 38. Rg3 g5 39. Nc3 d4 40. Nd5 Qxe6 41.
Qe1 Nf3+ 42. Rxf3 Rxf3 43. Qxc1 Qxh3 44. Qf1 Qh4 45. Qc4 Qg4+ 46. Kf1 Kf8 47.
Qb4+ Kg8 48. Qb8+ Rf8 49. Nf6+ 1-0

[Event "4NCL Individual Rapid 10m+10s"]
[Site "Daventry"]
[Date "2013.10.06"]
[Round "6.3"]
[White "Adebajo, Olufemi"]
[Black "Coleman, James"]
[Result "0-1"]
[WhiteElo "1971"]
[BlackElo "2127"]
[PlyCount "119"]
[EventDate "2013.10.06"]
[EventType "swiss (rapid)"]
[EventRounds "7"]
[EventCountry "ENG"]
[TimeControl "900+125"]
[WhiteClock "0:03:59"]
[BlackClock "0:02:03"]

1. e4 e5 2. Nf3 Nc6 3. Nc3 Nf6 4. g3 d5 5. exd5 Nd4 6. Bg2 Bg4 7. h3 Bxf3 8.
Bxf3 Nxf3+ 9. Qxf3 Bb4 10. O-O O-O 11. a3 Bxc3 12. dxc3 Qxd5 13. Qe2 Rfe8 14.
Bg5 Qe4 15. Rfe1 Qxe2 16. Rxe2 Nd5 17. Rd1 Nb6 18. b3 f6 19. Be3 Rad8 20. Red2
Rxd2 21. Rxd2 Kf7 22. c4 Ke7 23. Bc5+ Ke6 24. a4 Nd7 25. Be3 c5 26. Kg2 b6 27.
c3 Nb8 28. a5 Nc6 29. axb6 axb6 30. Kf3 Ra8 31. b4 cxb4 32. cxb4 Nxb4 33. Bxb6
f5 34. Bc5 Nd3 35. Rxd3 e4+ 36. Ke3 exd3 37. Kxd3 Ra2 38. h4 g6 39. Kc3 Kd7 40.
Kb3 Re2 41. Bd4 f4 42. Kc3 fxg3 43. fxg3 Ke6 44. Ba7 Ra2 45. Bb8 Ra8 46. Bf4
Kf5 47. Kb4 Ke4 48. Kb5 Ra1 49. c5 Kd5 50. Bd6 Rb1+ 51. Ka5 Kc6 52. Ka4 Rb5 53.
g4 Rxc5 54. Bxc5 Kxc5 55. h5 g5 56. h6 Kd4 57. Kb4 Ke5 58. Kc4 Kf4 59. Kd5 Kxg4
60. Ke5 0-1

[Event "4NCL Individual Rapid 10m+10s"]
[Site "Daventry"]
[Date "2013.10.06"]
[Round "6.4"]
[White "Emerson, Roger"]
[Black "Foley, John P"]
[Result "1-0"]
[WhiteElo "2214"]
[BlackElo "2018"]
[PlyCount "89"]
[EventDate "2013.10.06"]
[EventType "swiss (rapid)"]
[EventRounds "7"]
[EventCountry "ENG"]

1. e4 c6 2. d4 d5 3. exd5 cxd5 4. c4 Nf6 5. Nc3 Nc6 6. Bg5 e6 7. Nf3 Bb4 8. Qb3
O-O 9. a3 Bxc3+ 10. bxc3 Na5 11. Qc2 dxc4 12. Be2 h6 13. Bh4 Bd7 14. Ne5 g5 15.
Bg3 Rc8 16. h4 Kg7 17. hxg5 hxg5 18. Qd2 Ne4 19. Qe3 Nxg3 20. Qxg3 f6 21. Qh3
Rh8 22. Qxh8+ Qxh8 23. Rxh8 Rxh8 24. Nxd7 Nb3 25. Rd1 Rh1+ 26. Bf1 b6 27. Nb8
Na5 28. Na6 Kf7 29. Nb4 Ke7 30. Nc2 f5 31. Ne3 b5 32. f3 f4 33. Ng4 Nc6 34. Ne5
Nd8 35. Rb1 a6 36. a4 bxa4 37. Ra1 Kf6 38. Rxa4 Rh7 39. Bxc4 Rc7 40. Rxa6 Re7
41. Kd2 Rb7 42. Kc2 Rh7 43. Ng4+ Kg7 44. Ra7+ Nf7 45. Bxe6 1-0

[Event "4NCL Individual Rapid 10m+10s"]
[Site "Daventry"]
[Date "2013.10.06"]
[Round "6.5"]
[White "Pitcher, John"]
[Black "Taylor, Mark V"]
[Result "1-0"]
[WhiteElo "2246"]
[BlackElo "2087"]
[PlyCount "75"]
[EventDate "2013.10.06"]
[EventType "swiss (rapid)"]
[EventRounds "7"]
[EventCountry "ENG"]
[TimeControl "900+125"]
[WhiteClock "0:08:49"]
[BlackClock "0:04:03"]

1. e4 e6 2. d4 d5 3. e5 c5 4. c3 Nc6 5. Nf3 Bd7 6. Be2 f6 7. O-O fxe5 8. Nxe5
Nxe5 9. dxe5 Qc7 10. c4 d4 11. Bh5+ g6 12. Bf3 Bg7 13. Bf4 Nh6 14. Bxh6 Bxh6
15. Re1 Bg7 16. Qe2 O-O 17. Nd2 Rf5 18. Be4 Rf7 19. g3 Rb8 20. f4 b5 21. b3
Rff8 22. Rac1 b4 23. Nf3 a5 24. Ng5 Rfd8 25. h4 h6 26. Nf3 Be8 27. Qd3 Qf7 28.
Rf1 Bf8 29. Nh2 Be7 30. Rc2 Kg7 31. Rg2 Rbc8 32. g4 Bc6 33. Bxc6 Rxc6 34. f5
Bxh4 35. f6+ Kg8 36. Nf3 Bg5 37. Nxg5 hxg5 38. Rh2 1-0

[Event "4NCL Individual Rapid 10m+10s"]
[Site "Daventry"]
[Date "2013.10.06"]
[Round "6.6"]
[White "Basman, Michael"]
[Black "Duggan, Christopher"]
[Result "1-0"]
[WhiteElo "2340"]
[BlackElo "2036"]
[PlyCount "73"]
[EventDate "2013.10.06"]
[EventType "swiss (rapid)"]
[EventRounds "7"]
[EventCountry "ENG"]

1. b4 d5 2. Bb2 Qd6 3. a3 e5 4. e3 Nf6 5. Nf3 e4 6. Nd4 c6 7. c4 Bg4 8. Qc2
Nbd7 9. cxd5 Qxd5 10. Bc4 Qh5 11. Nc3 Be7 12. Nxe4 Ne5 13. Ng3 Qg6 14. Qxg6
hxg6 15. Be2 a5 16. f3 Bd7 17. bxa5 Rxa5 18. Nb3 Rd5 19. d4 Be6 20. dxe5 Nh5
21. Nxh5 Rxh5 22. e4 Rd8 23. Nd4 Bc8 24. f4 Rh6 25. O-O-O Bc5 26. h4 Ke7 27. g3
Rhh8 28. g4 Ba7 29. f5 Bb8 30. f6+ Kf8 31. fxg7+ Kxg7 32. e6 f6 33. g5 Bf4+ 34.
Kc2 Be5 35. gxf6+ Bxf6 36. Nf5+ gxf5 37. Rdg1+ 1-0

[Event "4NCL Individual Rapid 10m+10s"]
[Site "Daventry"]
[Date "2013.10.06"]
[Round "6.7"]
[White "Maroroa, Sue"]
[Black "Kane, Robert"]
[Result "1-0"]
[WhiteElo "2130"]
[BlackElo "1862"]
[PlyCount "83"]
[EventDate "2013.10.06"]
[EventType "swiss (rapid)"]
[EventRounds "7"]
[EventCountry "ENG"]

1. d4 Nf6 2. g3 d5 3. Bg2 c6 4. c3 g6 5. Nd2 Bg7 6. e4 dxe4 7. Nxe4 Nxe4 8.
Bxe4 O-O 9. Qb3 e5 10. d5 cxd5 11. Bxd5 Nc6 12. Be3 Na5 13. Qd1 Bg4 14. f3 Be6
15. Bxe6 fxe6 16. Qxd8 Rfxd8 17. Rd1 Rxd1+ 18. Kxd1 Nc4 19. Bc1 Rd8+ 20. Ke2 e4
21. fxe4 Nd6 22. Bg5 Rf8 23. Be7 Nxe4 24. Bxf8 Kxf8 25. Nf3 Ke7 26. Rf1 b5 27.
Kd3 Nc5+ 28. Kc2 e5 29. Ng5 Bf6 30. Nxh7 Nd7 31. Nxf6 Nxf6 32. Rxf6 Kxf6 33.
Kd3 Kf5 34. h3 g5 35. b3 e4+ 36. Kd4 a6 37. c4 bxc4 38. bxc4 a5 39. a4 g4 40.
hxg4+ Kxg4 41. Kxe4 Kxg3 42. c5 1-0

[Event "4NCL Individual Rapid 10m+10s"]
[Site "Daventry"]
[Date "2013.10.06"]
[Round "6.8"]
[White "McGann, Gary"]
[Black "Thompson, Robert"]
[Result "1-0"]
[WhiteElo "2128"]
[BlackElo "1962"]
[PlyCount "111"]
[EventDate "2013.10.06"]
[EventType "swiss (rapid)"]
[EventRounds "7"]
[EventCountry "ENG"]

1. d4 Nf6 2. Nf3 g6 3. Nc3 d5 4. Bf4 Bg7 5. Qd2 c5 6. dxc5 Nc6 7. O-O-O e6 8.
e4 Nxe4 9. Nxe4 dxe4 10. Qxd8+ Nxd8 11. Bb5+ Nc6 12. Ne5 Bxe5 13. Bxe5 O-O 14.
Bxc6 bxc6 15. Bf6 Rb8 16. h4 Rb5 17. h5 Ba6 18. Rd7 gxh5 19. Rxh5 Rfb8 20. Rg5+
Kf8 21. Rxa7 Bb7 22. Be5 f6 23. Bxf6 Ra8 24. Rxa8+ Bxa8 25. Rg7 Rb7 26. Rg4 Rf7
27. Bh4 Bb7 28. Rxe4 Bc8 29. Rd4 Rd7 30. Rf4+ Rf7 31. Ra4 Kg7 32. Rg4+ Kf8 33.
Bg3 Rf5 34. a4 Kf7 35. b4 Ba6 36. Bf4 h5 37. Rh4 Kg6 38. Be3 e5 39. Kb2 Rf7 40.
Rh1 Bc4 41. Kc3 Bd5 42. b5 cxb5 43. axb5 Rb7 44. Rb1 Kf5 45. c6 Rc7 46. Bb6 Rc8
47. g3 Ke6 48. Be3 Kd6 49. Kd3 Bf3 50. c4 Kc7 51. Ra1 Rd8+ 52. Kc3 Rb8 53. Ra7+
Kc8 54. Re7 e4 55. Re8+ Kc7 56. Bf4+ 1-0

[Event "4NCL Individual Rapid 10m+10s"]
[Site "Daventry"]
[Date "2013.10.06"]
[Round "6.1"]
[White "Jones, Gawain CB"]
[Black "Merry, Alan B"]
[Result "0-1"]
[WhiteElo "2638"]
[BlackElo "2297"]
[PlyCount "134"]
[EventDate "2013.10.06"]
[EventType "swiss (rapid)"]
[EventRounds "7"]
[EventCountry "ENG"]
[TimeControl "900+135"]
[WhiteClock "0:01:30"]
[BlackClock "0:01:12"]

1. c4 e5 2. g3 Nf6 3. Bg2 d5 4. cxd5 Nxd5 5. Nc3 Nb6 6. e3 Nc6 7. Nge2 Be6 8.
O-O Qd7 9. f4 f6 10. Qc2 Nb4 11. Qe4 Nc6 12. f5 Bf7 13. d4 Bd6 14. Qg4 O-O 15.
d5 Ne7 16. e4 Kh8 17. Be3 Nc4 18. Bf2 Nxb2 19. Rab1 Nd3 20. Be3 Bc5 21. Qf3 b6
22. g4 c6 23. Rfd1 Bxe3+ 24. Qxe3 Nc5 25. d6 Nc8 26. Rb2 Nxd6 27. g5 Nc4 28.
Qh3 Qe7 29. g6 Bg8 30. gxh7 Nxb2 31. hxg8=Q+ Kxg8 32. Rf1 Ncd3 33. Qg3 Qc5+ 34.
Kh1 Rad8 35. Bf3 Nf4 36. Rg1 Rf7 37. Qh4 Nbd3 38. Rf1 Qe3 39. Nd1 Qd2 40. Nxf4
Nxf4 41. Nf2 Qe3 42. Qg3 Rd2 43. Ng4 Qd3 44. Rg1 Kf8 45. Nf2 Qc3 46. Nd1 Qd4
47. Qh4 Ke7 48. Qe1 Kd7 49. Ne3 Kc7 50. Ng4 Re2 51. Qb1 Rb2 52. Qf1 Rd7 53. Qa6
Kb8 54. Qa3 Qd3 55. Qxd3 Rxd3 56. Bd1 Rb1 57. Bb3 Rxg1+ 58. Kxg1 Rd4 59. Kf2
Rxe4 60. Kf3 Rd4 61. Nf2 c5 62. Ne4 c4 63. Bc2 b5 64. h4 b4 65. Nc5 Kc7 66.
Na6+ Kb6 67. Nxb4 a5 0-1

[Event "4NCL Individual Rapid 10m+10s"]
[Site "Daventry"]
[Date "2013.10.06"]
[Round "6.2"]
[White "Wall, Gavin"]
[Black "Smerdon, David"]
[Result "1/2-1/2"]
[WhiteElo "2333"]
[BlackElo "2523"]
[PlyCount "85"]
[EventDate "2013.10.06"]
[EventType "swiss (rapid)"]
[EventRounds "7"]
[EventCountry "ENG"]
[TimeControl "900+180"]
[WhiteClock "0:01:48"]
[BlackClock "0:00:56"]

1. e4 d5 2. exd5 Nf6 3. d4 Bg4 4. Nf3 Qxd5 5. Be2 Nc6 6. c4 Qf5 7. h3 Bxf3 8.
Bxf3 Qe6+ 9. Be2 O-O-O 10. Be3 Nxd4 11. Bxd4 Qe4 12. Nc3 Qxd4 13. Qxd4 Rxd4 14.
Nb5 Re4 15. Nxa7+ Kb8 16. Nb5 e6 17. O-O-O Bc5 18. Bd3 Re5 19. f3 c6 20. Nc3
Kc7 21. Kc2 Rd8 22. a3 Bd4 23. b4 Nh5 24. Ne2 c5 25. g4 Nf6 26. Nxd4 Rxd4 27.
Rhe1 Nd7 28. Kc3 Rf4 29. Be4 Nb6 30. Rg1 h6 31. h4 g5 32. hxg5 hxg5 33. Rh1 Nc8
34. b5 b6 35. Rh8 Nd6 36. Ra8 Nxe4+ 37. fxe4 Rexe4 38. Ra7+ Kb8 39. Rdd7 Rxc4+
40. Kb3 Rcd4 41. Rab7+ Kc8 42. Rbc7+ Kb8 43. Rb7+ 1/2-1/2

[Event "4NCL Individual Rapid 10m+10s"]
[Site "Daventry"]
[Date "2013.10.06"]
[Round "6.3"]
[White "Zakarian, David"]
[Black "Hebden, Mark"]
[Result "0-1"]
[WhiteElo "2408"]
[BlackElo "2548"]
[PlyCount "38"]
[EventDate "2013.10.06"]
[EventType "swiss (rapid)"]
[EventRounds "7"]
[EventCountry "ENG"]

1. e4 e5 2. f4 exf4 3. Bc4 d5 4. Bxd5 Qh4+ 5. Kf1 Nf6 6. Nf3 Qh5 7. Bb3 Nc6 8.
d4 Bg4 9. e5 Ne4 10. Bxf4 O-O-O 11. c3 f6 12. exf6 gxf6 13. Kg1 Ne5 14. Bxe5
fxe5 15. Qe2 Ng5 16. Qxe5 Nxf3+ 17. gxf3 Qxe5 18. dxe5 Bxf3 19. Na3 Bc5+ 0-1

[Event "4NCL Individual Rapid 10m+10s"]
[Site "Daventry"]
[Date "2013.10.06"]
[Round "6.4"]
[White "Talsma, Paul"]
[Black "Harvey, Marcus R"]
[Result "0-1"]
[WhiteElo "2192"]
[BlackElo "2232"]
[PlyCount "66"]
[EventDate "2013.10.06"]
[EventType "swiss (rapid)"]
[EventRounds "7"]
[EventCountry "ENG"]
[TimeControl "900+175"]
[WhiteClock "0:01:22"]
[BlackClock "0:04:20"]

1. d4 e6 2. c4 f5 3. e3 Nf6 4. Bd3 Nc6 5. Nc3 d6 6. Qc2 g6 7. Nge2 e5 8. f3 Bg7
9. a3 O-O 10. b4 exd4 11. exd4 Nh5 12. Bd2 Nxd4 13. Nxd4 Qh4+ 14. g3 Nxg3 15.
O-O-O Nxh1 16. Ndb5 Nf2 17. Re1 Nxd3+ 18. Qxd3 Qd8 19. h4 a6 20. Bg5 Bf6 21.
Bxf6 Rxf6 22. Nxc7 Qxc7 23. Nd5 Qg7 24. Re8+ Rf8 25. Re7 Qa1+ 26. Kc2 f4 27.
Nc3 Bf5 28. Ne4 Bxe4 29. Qxe4 Qf6 30. Qxb7 Rac8 31. Kb3 Rce8 32. Rd7 Re3+ 33.
Ka4 Qb2 0-1

[Event "4NCL Individual Rapid 10m+10s"]
[Site "Daventry"]
[Date "2013.10.06"]
[Round "6.5"]
[White "Snape, Ian L"]
[Black "Mason, Donald J"]
[Result "1-0"]
[WhiteElo "2218"]
[BlackElo "2204"]
[PlyCount "90"]
[EventDate "2013.10.06"]
[EventType "swiss (rapid)"]
[EventRounds "7"]
[EventCountry "ENG"]

1. e4 e6 2. d4 d5 3. Nc3 Bb4 4. e5 c5 5. a3 Bxc3+ 6. bxc3 Ne7 7. Qg4 Qc7 8.
Qxg7 Rg8 9. Qxh7 cxd4 10. Ne2 Nbc6 11. f4 dxc3 12. Qd3 d4 13. Rb1 b6 14. Nxd4
Nxd4 15. Qxd4 Bb7 16. Qd6 Qxd6 17. exd6 Nf5 18. Rb3 Nxd6 19. Rxc3 Kd7 20. Rg1
Rac8 21. Rxc8 Kxc8 22. g4 Nf5 23. Bg2 Nd4 24. Bxb7+ Kxb7 25. Rg2 Rh8 26. Kd1
Nf3 27. Ke2 Nxh2 28. Bb2 Rh3 29. Be5 Nf3 30. Rf2 Nxe5 31. fxe5 Rxa3 32. Rxf7+
Kc6 33. Kf2 Kd5 34. g5 Rc3 35. g6 Rxc2+ 36. Kg3 Rc8 37. Kf4 a5 38. Rd7+ Kc5 39.
g7 Rg8 40. Kg5 a4 41. Kf6 b5 42. Kxe6 b4 43. Kf7 Rxg7+ 44. Kxg7 b3 45. Rb7 Kd5
1-0

[Event "4NCL Individual Rapid 10m+10s"]
[Site "Daventry"]
[Date "2013.10.06"]
[Round "6.6"]
[White "Bhatia, Kanwal"]
[Black "Josse, Mark"]
[Result "0-1"]
[WhiteElo "2039"]
[BlackElo "2173"]
[PlyCount "62"]
[EventDate "2013.10.06"]
[EventType "swiss (rapid)"]
[EventRounds "7"]
[EventCountry "ENG"]
[TimeControl "900+150"]
[WhiteClock "0:00:28"]
[BlackClock "0:01:40"]

1. e4 c5 2. c3 d5 3. exd5 Qxd5 4. d4 Nf6 5. Nf3 Bg4 6. dxc5 Qxd1+ 7. Kxd1 e5 8.
b4 e4 9. h3 Bh5 10. g4 Nxg4 11. hxg4 Bxg4 12. Be2 exf3 13. Bb5+ Nc6 14. Re1+
Be7 15. Kc2 h5 16. Bf4 h4 17. Nd2 h3 18. Bxc6+ bxc6 19. Bd6 Be6 20. Nxf3 Bxd6
21. cxd6 O-O-O 22. Rad1 h2 23. Ne5 Bd5 24. Rxd5 cxd5 25. Rh1 Rh5 26. f4 Rxd6
27. Kd3 Ra6 28. Nxf7 Rxa2 29. Ne5 Rg2 30. Nf3 Rh3 31. Ke3 Rgg3 0-1

[Event "4NCL Individual Rapid 10m+10s"]
[Site "Daventry"]
[Date "2013.10.06"]
[Round "6.7"]
[White "Mayhew, Andrew"]
[Black "Chan, Nevil"]
[Result "1-0"]
[WhiteElo "2058"]
[BlackElo "2027"]
[PlyCount "49"]
[EventDate "2013.10.06"]
[EventType "swiss (rapid)"]
[EventRounds "7"]
[EventCountry "ENG"]
[TimeControl "900+215"]
[WhiteClock "0:05:02"]
[BlackClock "0:00:20"]

1. d4 Nc6 2. c4 e5 3. d5 Bb4+ 4. Bd2 Bxd2+ 5. Qxd2 Nce7 6. Nf3 d6 7. Nc3 Nf6 8.
e4 O-O 9. Be2 Ng6 10. g3 h6 11. h4 Ng4 12. h5 Ne7 13. Nh4 f5 14. exf5 Nf6 15.
g4 Nh7 16. Ne4 Bd7 17. Ng6 Nxg6 18. hxg6 Nf6 19. Ng5 Qe7 20. O-O-O Rfb8 21. Nf7
Kf8 22. Rxh6 Ng8 23. Rh8 Be8 24. Ng5 a6 25. Nh7# 1-0

[Event "4NCL Individual Rapid 10m+10s"]
[Site "Daventry"]
[Date "2013.10.06"]
[Round "6.8"]
[White "Freeman, Richard C P"]
[Black "Sowray, Peter J"]
[Result "0-1"]
[WhiteElo "2030"]
[BlackElo "2335"]
[PlyCount "60"]
[EventDate "2013.10.06"]
[EventType "swiss (rapid)"]
[EventRounds "7"]
[EventCountry "ENG"]
[TimeControl "900+110"]
[WhiteClock "0:00:42"]
[BlackClock "0:01:13"]

1. d4 Nf6 2. Bg5 d5 3. Bxf6 exf6 4. e3 Be6 5. g3 c6 6. Bg2 Nd7 7. Ne2 h5 8. h4
Bd6 9. Nf4 Bg4 10. Bf3 f5 11. Be2 Bxe2 12. Qxe2 Nf6 13. Nd2 Qb6 14. O-O-O a5
15. Qd3 Ne4 16. f3 Nf2 17. Qxf5 Nxh1 18. Rxh1 Bxf4 19. exf4 O-O 20. c3 Rfe8 21.
g4 Re2 22. gxh5 Rae8 23. b3 c5 24. Rg1 cxd4 25. cxd4 Qxd4 26. Rd1 Qa1+ 27. Kc2
Qxa2+ 28. Kd3 Rxd2+ 29. Rxd2 Qxb3+ 30. Kd4 Qc4# 0-1

[Event "4NCL Individual Rapid 10m+10s"]
[Site "Daventry"]
[Date "2013.10.06"]
[Round "7.1"]
[White "Merry, Alan B"]
[Black "Smerdon, David"]
[Result "0-1"]
[WhiteElo "2297"]
[BlackElo "2523"]
[PlyCount "80"]
[EventDate "2013.10.06"]
[EventType "swiss (rapid)"]
[EventRounds "7"]
[EventCountry "ENG"]
[TimeControl "900+130"]
[WhiteClock "0:01:13"]
[BlackClock "0:01:26"]

1. e4 d5 2. exd5 Nf6 3. d4 Bg4 4. Nf3 Qxd5 5. c4 Bxf3 6. gxf3 Qd7 7. Nc3 e6 8.
Be3 Nc6 9. Qb3 Na5 10. Qc2 O-O-O 11. O-O-O Kb8 12. d5 exd5 13. cxd5 Bb4 14. a3
Bxc3 15. Qxc3 Qa4 16. Be2 Nxd5 17. Qxg7 Qb3 18. Qxf7 Rd6 19. Bd4 Rc6+ 20. Kd2
Rc2+ 21. Ke1 Rxe2+ 22. Kxe2 Nc3+ 23. Bxc3 Qxf7 24. Bxh8 Qe8+ 25. Kf1 Qxh8 26.
Rg1 b6 27. Rd7 Qxb2 28. Rgg7 Qc1+ 29. Kg2 h5 30. Rh7 Qg5+ 31. Kf1 Qc1+ 32. Kg2
Qg5+ 33. Kf1 Qe5 34. h4 Nc4 35. Rd8+ Kb7 36. Rdh8 Nd2+ 37. Kg2 Qf5 38. Rxh5
Qxf3+ 39. Kg1 Qg4+ 40. Kh1 Qh3+ 0-1

[Event "4NCL Individual Rapid 10m+10s"]
[Site "Daventry"]
[Date "2013.10.06"]
[Round "7.2"]
[White "Hebden, Mark"]
[Black "Wall, Gavin"]
[Result "1-0"]
[WhiteElo "2548"]
[BlackElo "2333"]
[PlyCount "69"]
[EventDate "2013.10.06"]
[EventType "swiss (rapid)"]
[EventRounds "7"]
[EventCountry "ENG"]

1. d4 f5 2. Nf3 Nf6 3. g3 g6 4. Bg2 Bg7 5. O-O O-O 6. c4 d6 7. Nc3 Qe8 8. d5
Na6 9. Rb1 Bd7 10. b4 c6 11. dxc6 bxc6 12. Qa4 Nc7 13. c5 Ne4 14. Nd1 d5 15.
Bb2 e5 16. Qa5 Ne6 17. e3 Qb8 18. a3 g5 19. Nc3 g4 20. Nh4 Nd2 21. Nxd5 cxd5
22. Bxd5 Nxf1 23. c6 Bc8 24. c7 Qb6 25. Rxf1 Qxa5 26. bxa5 Ba6 27. Bxe6+ Kh8
28. Rc1 f4 29. Nf5 fxe3 30. Nxe3 h5 31. Nf5 Bf6 32. Nd6 Kg7 33. Rc6 Be2 34.
c8=Q Raxc8 35. Rxc8 1-0

[Event "4NCL Individual Rapid 10m+10s"]
[Site "Daventry"]
[Date "2013.10.06"]
[Round "7.3"]
[White "Harvey, Marcus R"]
[Black "Snape, Ian L"]
[Result "1-0"]
[WhiteElo "2232"]
[BlackElo "2218"]
[PlyCount "83"]
[EventDate "2013.10.06"]
[EventType "swiss (rapid)"]
[EventRounds "7"]
[EventCountry "ENG"]
[TimeControl "900+110"]
[WhiteClock "0:05:14"]
[BlackClock "0:03:37"]

1. g3 g6 2. Bg2 Bg7 3. e4 c5 4. Ne2 Nc6 5. O-O Nf6 6. c4 O-O 7. Nbc3 a6 8. d3
d6 9. h3 Rb8 10. a4 Ne8 11. Be3 Nc7 12. d4 cxd4 13. Nxd4 Ne6 14. Nxe6 Bxe6 15.
Nd5 Bxd5 16. exd5 Ne5 17. Qb3 Nd7 18. a5 Nc5 19. Qa3 b5 20. b4 Bxa1 21. Rxa1
Nd7 22. c5 Ne5 23. c6 Nc4 24. Qc3 e5 25. Bh6 Re8 26. Bf1 Qf6 27. h4 Qf5 28. Re1
Qh5 29. Bg5 Qg4 30. Kh2 Qd4 31. Qxd4 exd4 32. c7 Rec8 33. cxb8=Q Rxb8 34. Rd1
Ne5 35. Rc1 h6 36. Bf4 Ng4+ 37. Kg1 Ne5 38. Bxe5 dxe5 39. Rc6 e4 40. Rxa6 Rd8
41. Rb6 Rxd5 42. a6 1-0

[Event "4NCL Individual Rapid 10m+10s"]
[Site "Daventry"]
[Date "2013.10.06"]
[Round "7.4"]
[White "Josse, Mark"]
[Black "Jones, Gawain CB"]
[Result "0-1"]
[WhiteElo "2173"]
[BlackElo "2638"]
[PlyCount "116"]
[EventDate "2013.10.06"]
[EventType "swiss (rapid)"]
[EventRounds "7"]
[EventCountry "ENG"]
[TimeControl "900+175"]
[WhiteClock "0:00:27"]
[BlackClock "0:10:13"]

1. d4 Nf6 2. c4 g6 3. Nc3 Bg7 4. e4 d6 5. Nf3 O-O 6. h3 e5 7. d5 Nh5 8. Nd2 Qe8
9. g3 f5 10. Be2 Nf6 11. g4 Na6 12. gxf5 gxf5 13. Qc2 fxe4 14. Ndxe4 Bf5 15.
Be3 Nxe4 16. Nxe4 Qg6 17. f3 Nb4 18. Qb1 Bxe4 19. fxe4 Rf4 20. Rg1 Qf6 21. a3
Na6 22. b4 Kh8 23. Kd2 Bh6 24. Qd3 Rf8 25. Raf1 Qh4 26. Rxf4 Bxf4 27. Bxf4 Rxf4
28. Rg4 Qh6 29. Rxf4 exf4 30. Qd4+ Qg7 31. Qxg7+ Kxg7 32. Kd3 Kf6 33. Kd4 c5+
34. dxc6 bxc6 35. c5 dxc5+ 36. bxc5 Nc7 37. e5+ Ke7 38. Bf3 Nb5+ 39. Kc4 Nxa3+
40. Kb3 Nb5 41. Kc4 Kd7 42. e6+ Kxe6 43. Bxc6 Nc7 44. Kd4 Kf5 45. Be4+ Kg5 46.
Bxh7 Kh4 47. Be4 Kxh3 48. c6 Kg3 49. Kc5 f3 50. Kd6 f2 51. Bd3 Na8 52. Kd7 a5
53. Kc8 a4 54. Kb7 a3 55. Bc4 a2 56. Bxa2 f1=Q 57. Kxa8 Qa6+ 58. Kb8 Qb6+ 0-1